Annual report 2004 (Record no. 203033)

MARC details
000 -CABECERA
campo de control de longitud fija 00640cam a2200217 a 4500
003 - IDENTIFICADOR DEL NÚMERO DE CONTROL
campo de control MX-MxUPN
005 - FECHA Y HORA DE LA ÚLTIMA TRANSACCIÓN
campo de control 20241002133755.0
008 - ELEMENTOS DE LONGITUD FIJA--INFORMACIÓN GENERAL
campo de control de longitud fija 190604s2005 gw o r 000 0 spa d
035 ## - NÚMERO DE CONTROL DEL SISTEMA
Número de control de sistema UPN01000230938
040 ## - FUENTE DE LA CATALOGACIÓN
Centro catalogador/agencia de origen MX-MxUPN
Lengua de catalogación spa
041 0# - CÓDIGO DE IDIOMA
Código de lengua del texto/banda sonora o título independiente eng
050 #4 - SIGNATURA TOPOGRÁFICA DE LA BIBLIOTECA DEL CONGRESO
Número de clasificación L401
Número de documento/Ítem U54 2004
110 2# - ASIENTO PRINCIPAL--NOMBRE CORPORATIVO
Nombre de entidad corporativa o nombre de jurisdicción como elemento de entrada Unesco Institute for Education
9 (RLIN) 53799
245 10 - MENCIÓN DE TÍTULO
Título Annual report 2004
260 ## - PUBLICACIÓN, DISTRIBUCIÓN, ETC.
Lugar de publicación, distribución, etc. Hamburg, Germany :
Nombre del editor, distribuidor, etc. UNESCO, Institute for Education ,
Fecha de publicación, distribución, etc. 2005.
300 ## - DESCRIPCIÓN FÍSICA
Extensión 28 páginas :
Otras características físicas fotografías
610 24 - ASIENTO SECUNDARIO DE MATERIA - NOMBRE CORPORATIVO
9 (RLIN) 53800
Nombre de entidad corporativa o nombre de jurisdicción como elemento de entrada Unesco Institute for Education
Subdivisión de forma Informes
902 ## - ELEMENTOS DE DATOS B LOCAL, LDB (RLIN)
Modificó VíctorGodínez/300924
942 ## - ELEMENTOS DE PUNTO DE ACCESO ADICIONAL (KOHA)
Fuente del sistema de clasificación o colocación Library of Congress Classification
Tipo de ítem Koha Folleto
Holdings
Estado de retiro Estado de pérdida Fuente del sistema de clasificación o colocación Estado dañado No para préstamo Código de colección Localización permanente Ubicación/localización actual Ubicación en estantería Fecha de adquisición Clasificación Código de barras Fecha visto por última vez Tipo de ítem Koha
    Library of Congress Classification   Disponible (Préstamo en sala) Folletería Bib. Gregorio Torres Quintero Bib. Gregorio Torres Quintero Colecciones especiales Planta alta 30/09/2024 L401 U54 2004 331243 31/12/2020 Folleto